Managerial decision modeling with spreadsheets. Ed.2 (Record no. 765634)

MARC details
000 -LEADER
fixed length control field 00908nam a2200289Ia 4500
003 - CONTROL NUMBER IDENTIFIER
control field OSt
005 - DATE AND TIME OF LATEST TRANSACTION
control field 20220928121131.0
008 - FIXED-LENGTH DATA ELEMENTS--GENERAL INFORMATION
fixed length control field 220927b |||||||| |||| 00| 0 eng d
037 ## - SOURCE OF ACQUISITION
Terms of availability Textual
040 ## - CATALOGING SOURCE
Original cataloging agency SDCL
Transcribing agency SDCL
Language of cataloging eng
041 ## - LANGUAGE CODE
Source of code eng
Language code of text/sound track or separate title eng
100 ## - MAIN ENTRY--PERSONAL NAME
Personal name Balakrishnan Nagraj
9 (RLIN) 451588
245 #0 - TITLE STATEMENT
Title Managerial decision modeling with spreadsheets. Ed.2
250 ## - EDITION STATEMENT
Edition statement 2
260 ## - PUBLICATION, DISTRIBUTION, ETC.
Place of publication, distribution, etc. Delhi
Name of publisher, distributor, etc. Pearson Education
Date of publication, distribution, etc. 2007
300 ## - PHYSICAL DESCRIPTION
Extent xii,651p
Dimensions cm.
650 ## - SUBJECT ADDED ENTRY--TOPICAL TERM
Topical term or geographic name entry element Commerce
9 (RLIN) 353036
700 ## - ADDED ENTRY--PERSONAL NAME
Personal name Render Barry
9 (RLIN) 424122
700 ## - ADDED ENTRY--PERSONAL NAME
Personal name Stair Ralph M
9 (RLIN) 451589
942 ## - ADDED ENTRY ELEMENTS (KOHA)
Classification part X:8:(B2894), P7
Koha item type Textual
Source of classification or shelving scheme Colon Classification (CC)
Holdings
Withdrawn status Lost status Damaged status Not for loan Home library Current library Date acquired Source of acquisition Cost, normal purchase price Total Checkouts Full call number Barcode Date last seen Cost, replacement price Price effective from Koha item type
        South Campus Library South Campus Library 2022-09-28 436, 21/10/2009, Pioneer Book Distributors 475.00   X:8:(B2894) P7 SC1463880 2022-09-28 475.00 2022-09-28 Textual
Copyright @ Delhi University Library System